Antiikin maailman seitsemän ihmettä - Statistics

Yleistilastot
  • Tätä visaa on pelattu 660 kertaa
  • Keskiarvotulos 3 / 7
Vastaustilastot
Vastaus % Oikein
Gizan suuri {pyramidi}
99%
Babylonin {riippuvat} {puutarhat}
57%
{Zeuksen} kuvapatsas Olympiassa
57%
Faroksen {majakka} Alexandriassa
47%
Rodoksen {kolossi}
40%
Halikarnassoksen {mausoleumi}
25%
{Artemiin} temppeli Efesoksessa
21%
Ehtoja vastaavia visoja ei löytynyt
Tulosjakauma
Jokaisen tuloksen saaneiden osuus
Persentiili vastausten määrän mukaan
Tuloshistoriasi
Et ole pelannut tätä visaa